[Event "SRB-ch U14"]
[White "Stamenkovic, Petar"]
[Black "Milutinovic, Uros"]
[Site "Subotica"]
[Round "7"]
[Result "1/2-1/2"]
[Date "2021.05.07"]
[WhiteElo "1331"]
[BlackElo "1319"]
[PlyCount "29"]
[EventDate "2021.05.03"]
[EventType "swiss"]
[EventRounds "9"]
[EventCountry "SRB"]
[SourceTitle "EXT 2022"]
[Source "ChessBase"]
[SourceDate "2021.10.06"]
[SourceVersion "1"]
[SourceVersionDate "2021.10.06"]
[SourceQuality "1"]

1. d4 d6 2. c4 g6 3. Nc3 Bg7 4. e4 e5 5. d5 f5 6. f3 f4 7. Bd3 Nd7 8. Nge2 a5 9. Bd2 Nc5 10. Bc2 Nf6 11. Na4 g5 12. Nxc5 dxc5 13. Nc3 h5 14. Bd3 Ke7 15. Be2 1/2-1/2